Processos de l' Arxiu Diocesà de Barcelona / J. M. Martí i Bonet, L. Niqui i Puigvert, F. Miquel i Mascort
Publicado:
Barcelona :
Departament de Cultura de la Generalitat de Catalunya : Arxiu Diocesà de Barcelona ,
1984
Descripción Física:
1 v. ; 24 cm
MARC
| LEADER | 00000nam a2200000Ia 4500 | ||
|---|---|---|---|
| 001 | 1279 | ||
| 008 | 160829s1984 xx 000 0 cat d | ||
| 080 | |a A-1-217 | ||
| 100 | |a Martí i Bonet, Josep M. |9 21015 | ||
| 245 | |a Processos de l' Arxiu Diocesà de Barcelona / J. M. Martí i Bonet, L. Niqui i Puigvert, F. Miquel i Mascort | ||
| 260 | |a Barcelona : |b Departament de Cultura de la Generalitat de Catalunya : |b Arxiu Diocesà de Barcelona, |c 1984 | ||
| 300 | |a 1 v. ; |c 24 cm | ||
| 490 | |a Catàlegs-inventaris d'arxius eclesiàstics de Catalunya ; 1 ; Inventari de l'Arxiu Diocesà de Barcelona ; 2 | ||
| 650 | |a Arxiu Diocesà de Barcelona |x Catàlegs |9 21016 | ||
| 650 | |a Processos |x S. XIV/XV |x Inventaris |9 21017 | ||
| 700 | |a Niqui i Puigvert, Leandre |9 21018 | ||
| 700 | |a Miquel Mascort, Fèlix |9 21019 | ||
| 710 | 2 | |a Catalunya. |b Departament de Cultura |9 52819 | |
| 901 | |a Arxiu | ||
| 942 | |n 1 | ||
| 952 | |0 0 |1 0 |4 0 |6 A1217 |7 1 |9 41773 |a Arxiu |b Arxiu |d 2016-12-01 |l 0 |o A-1-217 |p 1279 |r 2016-12-01 00:00:00 |w 2016-12-01 |y ARXIU | ||
| 999 | |c 43663 |d 43663 | ||